00630nam a2200181Ia 450000500170000000800410001702000150005805000230007308200230009610000330011924501200015225000300027226000340030230000220033650500390035865000120039770000390040920231102150644.0120622s1998 mx r 000 0 spa d a9700712273 aKGF5422 bA36 1998 a346.03bA185d 19981 aAcosta Romero, Migueleautor10aDelitos especialesb : doctrina legislación, jurisprudenciac / Miguel Acosta Romero, Eduardo López Betancourt a5a. edición actualizada3 aMéxicob : Porrúac, 1998 axl, 662 páginas aDoctrina Compilación legislativa14aDELITOS aLópez Betancourt, Eduardoeautor